180 - Né(es) un 29 juin. - Statistiques

Statistiques générales
  • Ce quiz a été pris 7 fois
  • Le résultat moyen est 7 sur 16
Statistiques - réponses
Hint Année de naissance Réponse % Correct
Aviateur français, comte, auteur du "Petit Prince" (1943). 1900 Antoine de Saint-Exupéry
100%
Ancien ministre de la santé dont le nom est associé à la lutte contre le tabagisme. 1949 Claude Évin
80%
Femme française dont les actes de résistance ainsi que ceux de son mari furent portés à l'écran. 1912 Lucie Aubrac|Lucie Samuel|Lucie Bernard
80%
Homme politique français considéré comme l'un des pères fondateurs de la construction européenne aux côtés de Jean Monnet, Konrad Adenauer. 1886 Robert Schuman|Jean-Baptiste Nicolas Robert Schuman
80%
Ancien ministre de la Culture et de la Francophonie, ancien défenseur des droits. 1941 Jacques Toubon
60%
Entrepreneur montpellierain, propriétaire du club de football de la même ville. 1943 Louis Nicollin|Loulou
60%
Auteur des aventure du commissaire "San-Antonio" et de de son adjoint Bérurier. 1921 Frédéric Dard
40%
Acteur français comique vu dans "Le Farceur", "Tire-au-flanc 62", "La Belle Américaine", "Cartouche", "Les Copains", "Le Roi de cœur", "Le Cerveau". Il doubla Paul Michael Glaser dans "Starsky et Hutch". 1936 Jacques Balutin|William Albert Buenos
40%
Fermier général des gabelles et entrepreneur français ayant conçu et réalisé le canal du Midi. 1609 Pierre-Paul Riquet|baron de Bonrepos
40%
Acteur américain vu dans "L'Arme fatale", "Predator 2", "Point Break - Extrême limite", "Piège en haute mer" et "La Firme". 1944 Gary Busey|William Gary Busey
20%
Chanteuse américaine découverte via "Popstars" devenue membre des "The Pussycat Dolls". 1978 Nicole Scherzinger|Nicole Prascovia Elikolani Valiente Scherzinger
20%
Ancien GO du Club Med, devenu journaliste sportif (football) à Canal+. 1963 Pierre Ménès
20%
Nom du dernier survivant au massacre d'Oradour-sur-Glane. 1925 Robert Hébras
20%
Historien américain connu pour un des tout premiers ouvrages sur la guerre du Pacifique et pour sa biographie d'Adolf Hitler. Son livre The Dillinger Days est à l'origine du film "Bonnie and Clyde". 1912 John Toland
0%
Distingué par une étoile du Hollywood Walk of Fame, ce chanteur américain se fit connaître avec le film "Naughty Marietta". 1901 Nelson Eddy|Nelson Ackermann Eddy
0%
Joueur de football franco-congolais passé par le Stade rennais FC et l'Inter Milan. 1990 Yann M'Vila
0%
Aucun quiz correspondant
Distribution des résultats
% des personnes avec chaque résultat
Percentile par nombre de réponses
Votre historique - résultats
Vous n’avez pas pris ce quiz